| 000 | 00442nam a22001697a 4500 | ||
|---|---|---|---|
| 003 | CEME | ||
| 005 | 20210628203609.0 | ||
| 008 | 210316b xxu||||| |||| 00| 0 eng d | ||
| 020 | _a0-387-96818-0 | ||
| 040 | _c. | ||
| 082 | _a004 VLS'R | ||
| 100 |
_aReif, J.H _936570 |
||
| 245 | _aVlsi alogrithms and architectures , leetunes notes in computer science | ||
| 260 |
_aNEWYORK _bSPRINGER VERLOG _c1988 |
||
| 300 | _a476P | ||
| 942 |
_cBK _2ddc |
||
| 999 |
_c574437 _d574437 |
||